[Event "XXVI Open A"]
[Site "Collado Villalba ESP"]
[Date "2009.08.27"]
[Round "7"]
[White "Semprun Martinez,F"]
[Black "Ubilava,E"]
[Result "0-1"]
[WhiteElo "2179"]
[BlackElo "2547"]

1.e4 g6 2.d4 Bg7 3.Nc3 d6 4.f4 a6 5.Nf3 Bg4 6.Be3 e6 7.h3 Bxf3 8.Qxf3 Ne7
9.O-O-O d5 10.e5 Nd7 11.g4 c5 12.dxc5 Qa5 13.Kb1 Nxc5 14.Bxc5 Qxc5 15.Bd3 O-O-O
16.Rhe1 Nc6 17.Ne2 h5 18.Nc1 Qb6 19.Bf1 hxg4 20.hxg4 g5 21.Nd3 gxf4 22.Qxf4 Rd7
23.Re2 Kb8 24.Rde1 Rc7 25.Rh2 Rxh2 26.Qxh2 Nb4 27.c3 Nxd3 28.Bxd3 Rxc3 29.Bc2 Re3  0-1

[Event "II Open"]
[Site "Sabadell ESP"]
[Date "2009.09.01"]
[Round "1"]
[White "Munoz Pantoja,M"]
[Black "Bayarri Ponsa,E"]
[Result "1-0"]
[WhiteElo "2479"]
[BlackElo "1852"]

1.e4 g6 2.d4 Bg7 3.Nc3 d6 4.Bg5 Nc6 5.Nge2 h6 6.Be3 e5 7.Qd2 f5 8.exf5 gxf5
9.f4 e4 10.d5 Nce7 11.Nd4 Nf6 12.Bb5+ Kf7 13.Bc4 Kg6 14.O-O-O c6 15.h3 b5
16.Bb3 b4 17.Nce2 cxd5 18.g4 a5 19.Ba4 Bd7 20.Bxd7 Qxd7 21.Rdg1 Kf7 22.Nxf5 Nxf5
23.gxf5 b3 24.a3 bxc2 25.Bd4 Qb5 26.Nc3 Qb3 27.Rxg7+ Kxg7 28.Nxd5 Qa2 29.Bxf6+ Kh7
30.Kxc2 Rhc8+ 31.Bc3 Rg8 32.Nf6+  1-0

[Event "2nd Bolivar Open"]
[Site "Buenos Aires ARG"]
[Date "2009.09.02"]
[Round "9"]
[White "Perez Ponsa,F"]
[Black "Cori,J"]
[Result "1-0"]
[WhiteElo "2390"]
[BlackElo "2424"]

1.e4 g6 2.d4 Bg7 3.Nc3 d6 4.Be3 Nd7 5.Qd2 e5 6.Nf3 Ngf6 7.dxe5 Nxe5 8.Nxe5 dxe5
9.Qxd8+ Kxd8 10.O-O-O+ Bd7 11.Bc4 Ke8 12.Nd5 Nxd5 13.Bxd5 Bc8 14.Rd3 Bf6
15.Rhd1 Kf8 16.Bh6+ Ke7 17.Bd2 Kf8 18.Rf3 Kg7 19.Bh6+ Kxh6 20.Rxf6 Rf8 21.Rxf7 Bg4
22.f3 Rxf7 23.Bxf7 Rf8 24.Bc4 Bc8 25.Kd2 Kg5 26.Ke3 Kf6 27.g3 g5 28.Rd3 Ke7
29.Rd5 Kf6 30.Rc5 c6 31.Ra5 a6 32.Ra3 Ke7 33.Rd3 Rf6 34.Rd2 a5 35.a3 Bd7
36.b4 Rf8 37.h4 gxh4 38.gxh4 axb4 39.axb4 Rf4 40.Rh2 Be8 41.Kf2 Bh5 42.Be2 h6
43.Kg3 Rf8 44.Rh1 Ra8 45.Rb1 b5 46.Kf2 Ra2 47.Bd3 Kf6 48.Ke3 Ra8 49.Rg1 Bf7
50.f4 Ra4 51.fxe5+ Kxe5 52.Rg7 Be6 53.Rg6 Rxb4 54.Rxh6 Rb1 55.Rh5+ Kd6 56.c4 Rh1
57.c5+ Ke7 58.Kd4 Rd1 59.Rh7+ Kf8 60.Ke3 Rc1 61.Kd4 Rd1 62.Kc3 b4+ 63.Kd4 Ba2
64.Ke3 Rc1 65.Rb7 b3 66.Kd4 Rh1 67.Bc4 Rxh4 68.Bxb3 Bb1 69.Ke5 Bxe4 70.Rb4 Rh5+
71.Kd6 Rh6+ 72.Be6 Bd5 73.Rb8+ Kg7 74.Rg8+ Kh7 75.Re8 Bh1 76.Kc7 Kg7 77.Bd7 Kf7
78.Kb6 Rh4 79.Re1 Rh6 80.Be8+ Kf8 81.Re5 Bd5 82.Bh5 Bh1 83.Bf3 Bxf3 84.Rf5+ Ke7
85.Rxf3 Kd7 86.Kb7 Rg6 87.Rd3+ Ke7 88.Kc7 Re6 89.Rd2 Ke8 90.Rd6 Re1 91.Kxc6 Rc1
92.Rd2 Rb1 93.Kc7 Ke7 94.Re2+ Kf7 95.c6 Rb3 96.Re5 Kf6 97.Ra5 Ke7 98.Ra7 Rh3
99.Kb8+  1-0

[Event "6th LGA Premium Cup"]
[Site "Nuernberg GER"]
[Date "2009.09.03"]
[Round "1"]
[White "Ter Akopyan,B"]
[Black "Grimberg,B"]
[Result "0-1"]
[WhiteElo "2017"]
[BlackElo "2390"]

1.e4 g6 2.d4 Bg7 3.Nc3 d6 4.h3 Nd7 5.g3 c5 6.Be3 Qb6 7.Nd5 Qd8 8.Ne2 cxd4
9.Bxd4 Ngf6 10.Bg2 O-O 11.O-O e5 12.Be3 Nxd5 13.Qxd5 Nb6 14.Qd3 Be6 15.b3 d5
16.Bxb6 Qxb6 17.exd5 e4 18.Bxe4 Bxh3 19.c4 Bxf1 20.Rxf1 Qd6 21.Qf3 Rae8 22.Bd3 Re7
23.g4 Rfe8 24.Kg2 Re5 25.Ng3 Qe7 26.Rd1 b6 27.Ne4 f5 28.Ng3 fxg4 29.Qxg4 Rg5
30.Qh4 Rf8 31.f4 Rxf4 32.Qxf4 Be5 33.Qe3 Rxg3+ 34.Qxg3 Bxg3 35.Kxg3 h5 36.c5 Qe3+
37.Kg2 h4 38.d6 h3+ 39.Kf1 Qf3+ 40.Ke1 h2 41.Kd2 Qxd1+ 42.Kxd1 h1=Q+ 43.Kc2 bxc5
44.d7 Qh2+ 45.Kc3 Qe5+  0-1

[Event "II Open"]
[Site "Sabadell ESP"]
[Date "2009.09.04"]
[Round "4"]
[White "Solodovnichenko,Y"]
[Black "Vassallo Barroche,M"]
[Result "1-0"]
[WhiteElo "2601"]
[BlackElo "2411"]

1.e4 g6 2.d4 Bg7 3.Nc3 d6 4.Be3 a6 5.g4 Nf6 6.h3 h5 7.g5 Nfd7 8.Bg2 c5 9.Nge2 O-O
10.Qd2 cxd4 11.Nxd4 Nc6 12.O-O-O Nb6 13.b3 Bd7 14.f4 Rc8 15.e5 Nxd4 16.Bxd4 Bc6
17.Bxc6 Rxc6 18.Bxb6 Qxb6 19.Nd5 Qd8 20.Rhe1 Kh8 21.e6 f5 22.gxf6 Rxf6 23.Nxf6 Bxf6
24.f5 g5 25.h4 Qg8 26.Kb1 g4 27.Qh6+ Qh7 28.Qxf6+  1-0

[Event "II Open"]
[Site "Sabadell ESP"]
[Date "2009.09.04"]
[Round "4"]
[White "Cruz,F"]
[Black "Almeida Quintana,O"]
[Result "1/2-1/2"]
[WhiteElo "2404"]
[BlackElo "2513"]

1.d4 g6 2.e4 Bg7 3.Nc3 d6 4.f4 a6 5.Nf3 b5 6.Bd3 Nd7 7.e5 e6 8.a4 b4 9.Ne4 Nb6
10.a5 Nd5 11.Rf1  1/2-1/2

[Event "4th Xtracon Skovbo"]
[Site "Borup DEN"]
[Date "2009.09.05"]
[Round "3"]
[White "Andersen,Ru2"]
[Black "Bromann,T"]
[Result "0-1"]
[WhiteElo "2026"]
[BlackElo "2432"]

1.e4 g6 2.d4 Bg7 3.Nc3 d6 4.Be3 a6 5.Qd2 b5 6.a4 b4 7.Nd1 a5 8.c3 Nf6 9.f3 bxc3
10.bxc3 O-O 11.Bd3 Nc6 12.Nf2 e5 13.d5 Ne7 14.Ne2 Ne8 15.g4 f5 16.gxf5 gxf5
17.f4 Kh8 18.O-O Nf6 19.fxe5 dxe5 20.c4 f4 21.Bc5 Rg8 22.Kh1 Ng6 23.Ng1 Nh4
24.Be2 Nd7 25.Ba3 Nb6 26.Bb2 Qg5 27.Bf3 Nxc4 28.Qc3 Nxb2 29.Qxb2 Bf8 30.Ngh3 Qf6
31.Be2 Bc5 32.Rac1 Bd4 33.Qb3 f3 34.Bb5 Bxh3 35.Nxh3 Qg6 36.Qc2 Qg2+ 37.Qxg2 fxg2+  0-1

[Event "4th Xtracon Skovbo"]
[Site "Borup DEN"]
[Date "2009.09.05"]
[Round "3"]
[White "Skytte,R"]
[Black "Sorensen,D"]
[Result "1-0"]
[WhiteElo "2399"]
[BlackElo "2006"]

1.e4 g6 2.d4 Bg7 3.Nc3 d6 4.f4 c6 5.Be3 Nf6 6.Nf3 O-O 7.Bd3 Ng4 8.Bg1 e5
9.dxe5 dxe5 10.h3 Nh6 11.fxe5 Be6 12.Qd2 Kh8 13.Bf2 Ng8 14.O-O Nd7 15.Bg3 Qa5
16.Qf4 Qb6+ 17.Kh1 Qxb2 18.Ne2 Nc5 19.Ned4 Rad8 20.Bf2 Rd7 21.Qh4 h6 22.Be3 Bxa2
23.Be2 Ne6 24.Qf2 Rfd8 25.Bd3 g5 26.Nxe6 Bxe6 27.Rfb1 Qc3 28.Bd2  1-0

[Event "6th LGA Premium Cup"]
[Site "Nuernberg GER"]
[Date "2009.09.05"]
[Round "4"]
[White "Zarafat,D"]
[Black "Fiedler,W1"]
[Result "0-1"]
[WhiteElo "1833"]
[BlackElo "2075"]

1.e4 g6 2.d4 Bg7 3.Nc3 d6 4.Nf3 b6 5.Bb5+ c6 6.Be2 Ba6 7.O-O Qc8 8.Be3 Bxe2
9.Qxe2 Na6 10.Rad1 Nc7 11.e5 d5 12.Nh4 Qa6 13.Qd2 e6 14.f4 f5 15.exf6 Bxf6
16.Nf3 Ne7 17.Ne5 Rd8 18.Rde1 O-O 19.Qd1 Qc8 20.g4 Ne8 21.Qe2 Ng7 22.Nf3 Ne8
23.Bf2 Nc7 24.Ne5 Rde8 25.h4 Bg7 26.Bg3 c5 27.dxc5 bxc5 28.Nb5 Bxe5 29.fxe5 Nxb5
30.Qxb5 a6 31.Qb6 Qc6 32.Qa5 d4 33.Qa3 Nd5 34.Re2 Rxf1+ 35.Kxf1 Ne3+ 36.Rxe3 dxe3
37.Qxe3 Rf8+ 38.Ke1 Qf3 39.Qg1 Rd8  0-1

[Event "6th LGA Premium Cup"]
[Site "Nuernberg GER"]
[Date "2009.09.05"]
[Round "4"]
[White "Koch,Mo"]
[Black "Ter Akopyan,B"]
[Result "0-1"]
[WhiteElo "2316"]
[BlackElo "2017"]

1.e4 g6 2.d4 Bg7 3.Nc3 d6 4.h3 Nc6 5.Be3 e5 6.Nf3 exd4 7.Nxd4 Nge7 8.Bc4 O-O
9.Qd2 Ne5 10.Be2 d5 11.f4 c5 12.fxe5 cxd4 13.Qxd4 Nc6 14.Qxd5 Qh4+ 15.Bf2 Qg5
16.e6 Qxg2 17.Rg1 Qxf2+  0-1

[Event "6th LGA Premium Cup"]
[Site "Nuernberg GER"]
[Date "2009.09.06"]
[Round "6"]
[White "Bindrich,F"]
[Black "Bischoff,K"]
[Result "0-1"]
[WhiteElo "2516"]
[BlackElo "2551"]

1.d4 g6 2.e4 Bg7 3.Nc3 d6 4.Nf3 a6 5.Be2 e6 6.O-O Ne7 7.Bf4 h6 8.h4 b6 9.Qd2 Bb7
10.Rad1 Nd7 11.Rfe1 Nf6 12.Bd3 Kf8 13.Qe2 Kg8 14.e5 Nfd5 15.Nxd5 Nxd5 16.Bd2 Ne7
17.c4 d5 18.c5 bxc5 19.dxc5 a5 20.h5 Qc8 21.Bb1 Qe8 22.Nd4 g5 23.f4 gxf4
24.Bxf4 Nc6 25.Nf3 Ba6 26.Bd3 Bxd3 27.Rxd3 Rb8 28.Nh2 Rb4 29.Rf1 Kf8 30.Ng4 Qe7
31.Qf2 Ke8 32.Rb3 Rxb3 33.axb3 Kd7 34.Bg3 Bf8 35.Nf6+ Kc8 36.Rc1 Bg7 37.b4 axb4
38.Ra1 Kb7 39.Qc2 Bxf6 40.exf6 Qxf6 41.Qa4 Qd4+ 42.Kh2 Qd3 43.Rd1 Qc4 44.Rc1 Ra8
45.Qd1 Qe4 46.Qf1 d4 47.Qxf7 e5 48.Qc4 Ra5 49.Re1 Qf5 50.Rxe5 Nxe5 51.Qxb4+ Ka6  0-1

[Event "6th LGA Premium Cup"]
[Site "Nuernberg GER"]
[Date "2009.09.06"]
[Round "7"]
[White "Schuetze,N"]
[Black "Fiedler,W1"]
[Result "1-0"]
[WhiteElo "2278"]
[BlackElo "2075"]

1.e4 g6 2.d4 Bg7 3.Nc3 d6 4.h3 b6 5.Nf3 c6 6.Bf4 Ba6 7.Bxa6 Nxa6 8.Qe2 Nc7
9.O-O Qd7 10.Rad1 f6 11.Rfe1 e6 12.e5 fxe5 13.dxe5 d5 14.Ne4 O-O-O 15.Nd6+ Kb8
16.a4 Nh6 17.a5 b5 18.c4 Rhf8 19.Bg5 Nf5 20.Bxd8 Rxd8 21.cxb5 Nxd6 22.bxc6 Qxc6
23.exd6 Qxd6 24.Nd4 e5 25.Nb5 Nxb5 26.Qxb5+ Ka8 27.a6  1-0

[Event "II Open"]
[Site "Sabadell ESP"]
[Date "2009.09.07"]
[Round "6"]
[White "Burgos Figueroa,C"]
[Black "Almeida Quintana,O"]
[Result "0-1"]
[WhiteElo "2306"]
[BlackElo "2513"]

1.e4 d6 2.d4 g6 3.Nc3 Bg7 4.Be2 c6 5.Be3 Nf6 6.h4 b5 7.a3 h5 8.Nh3 Bxh3 9.Rxh3 Nbd7
10.f3 a5 11.Qd2 O-O 12.g4 b4 13.Nd1 hxg4 14.Rg3 e5 15.axb4 exd4 16.Bh6 axb4
17.Rxa8 Qxa8 18.Bxg7 Kxg7 19.Qxd4 Qb8 20.f4 c5 21.Qe3 Re8 22.Nf2 Qa8 23.e5 Qa1+
24.Nd1 dxe5 25.f5 Rh8 26.fxg6 fxg6 27.Bxg4 Rxh4 28.Bf3 e4 29.Bg2 Rh5 30.Rg5 Rxg5
31.Qxg5 Qa8 32.Ne3 Kf7 33.Bh3 Qc6 34.Bf1 Nb6 35.Qe5 Nfd7 36.Qf4+ Qf6 37.Qxe4 Qxb2
38.Bd3 Qf6 39.Ng4 Qd6 40.Qf3+ Kg7 41.Qh3 Qf4 42.Ne3 Ne5 43.Be2 c4 44.Qe6 Qh4+
45.Kd1 Qh1+ 46.Bf1 Qf3+ 47.Be2 Qf6 48.Qe8 Qd6+ 49.Ke1 c3 50.Qb5 Qd4 51.Qe8 Qh4+
52.Kf1 Nbd7 53.Bg4 Qf6+ 54.Ke2 Nc5 55.Qc8 Qd6 56.Kf1 b3 57.cxb3 Qd3+ 58.Be2 Qxe3
59.Qc7+ Ned7  0-1

[Event "31st Southern California Open"]
[Site "San Diego USA"]
[Date "2009.09.07"]
[Round "6"]
[White "Sevillano,E"]
[Black "Porter,Ry"]
[Result "1-0"]
[WhiteElo "2528"]
[BlackElo "2279"]

1.e4 g6 2.d4 Bg7 3.Nc3 d6 4.Be2 a6 5.Bg5 h6 6.Be3 b5 7.Bf3 c6 8.Nge2 Qc7
9.Qd2 Nf6 10.h3 Nbd7 11.O-O Bb7 12.Rad1 Nb6 13.b3 O-O-O 14.a4 Kb8 15.axb5 cxb5
16.d5 Rc8 17.Qd4 Nfd7 18.Qxg7 Ne5 19.Bd4 Nbd7 20.Bg4 Rcg8 21.Qxh8 Rxh8 22.Bxd7 Qxd7
23.f4 f6 24.fxe5 dxe5 25.Bc5 f5 26.Nc1 a5 27.Nd3 b4 28.Na4 fxe4 29.Nxe5 Qc7
30.d6  1-0

[Event "FSGM September"]
[Site "Budapest HUN"]
[Date "2009.09.08"]
[Round "4"]
[White "Manca,F"]
[Black "Berczes,D"]
[Result "1/2-1/2"]
[WhiteElo "2356"]
[BlackElo "2521"]

1.e4 g6 2.d4 Bg7 3.Nc3 d6 4.f4 a6 5.a4 Nf6 6.Nf3 c5 7.d5 e6 8.dxe6 Bxe6 9.Be2 Nc6
10.f5 gxf5 11.exf5 Bxf5 12.Bg5 h6 13.Bh4 d5 14.Bxf6 Bxf6 15.Nxd5 Bxb2 16.O-O Nd4
17.Bc4 Be6 18.Rb1 Bxd5 19.Bxd5 Qxd5 20.Rxb2 Nxf3+ 21.Qxf3 Qd4+ 22.Qf2 Qxf2+
23.Rxf2 Rb8 24.Rf5 O-O 25.Rxc5 Rfd8  1/2-1/2

[Event "II Open"]
[Site "Sabadell ESP"]
[Date "2009.09.09"]
[Round "8"]
[White "Llaneza Vega,P"]
[Black "Vassallo Barroche,M"]
[Result "0-1"]
[WhiteElo "2277"]
[BlackElo "2411"]

1.e4 g6 2.d4 Bg7 3.Nc3 d6 4.f4 a6 5.Nf3 b5 6.Bd3 Nd7 7.e5 Bb7 8.Be3 e6 9.O-O Ne7
10.Ng5 h6 11.Nge4 Nb6 12.Bf2 Qd7 13.Bh4 Nf5 14.Bf6 O-O 15.Bxg7 Kxg7 16.Nf6 Qd8
17.Bxf5 exf5 18.Qd3 Nd7 19.Nfd5 b4 20.Nxb4 a5 21.Nbd5 Ba6 22.Qg3 Bxf1 23.Rxf1 Ra6
24.Ne3 Kh7 25.Ncd5 c6 26.Nc3 dxe5 27.dxe5 Rb6 28.Nc4 Rb4 29.b3 Nc5 30.Rd1 Qe7
31.a3 Rbb8 32.Nxa5 Rbd8 33.Nxc6 Rxd1+ 34.Nxd1 Qd7 35.Qf3 Ne4 36.Nb4 Qd4+
37.Ne3 Ra8 38.Nd5 Rxa3 39.h4 Ra1+ 40.Kh2 h5 41.Ne7 Nd2  0-1

[Event "ch-PAR"]
[Site "Asuncion PAR"]
[Date "2009.09.11"]
[Round "6"]
[White "Morales,E"]
[Black "Gamarra,R"]
[Result "0-1"]
[WhiteElo "1941"]
[BlackElo "2006"]

1.e4 d6 2.d4 g6 3.Nc3 Bg7 4.Be3 Nd7 5.Qd2 c6 6.Nf3 b5 7.d5 b4 8.dxc6 bxc3
9.cxd7+ Bxd7 10.bxc3 Qa5 11.Nd4 Nf6 12.f3 O-O 13.Bd3 Rfc8 14.c4 Qa3 15.O-O Rab8
16.Qf2 a6 17.Nb3 Be8 18.Bd4 e5 19.Be3 Bd7 20.Bc1 Qa4 21.Rd1 Be6 22.Qe2 Bf8
23.Be3 Bxc4 24.Bxc4 Rxc4 25.Rd2 Rbc8 26.h4 Qa3 27.Qd1 Rc3 28.Re2 Nh5 29.Bc1 Qb4
30.Bb2 R3c4 31.a4 Qb6+ 32.Kh2 Nf4 33.a5 Qd8 34.Rd2 Qxh4+ 35.Kg1 Qg3 36.Nc1 Bh6
37.Ne2 Qxg2+  0-1

[Event "4th Xtracon Skovbo"]
[Site "Borup DEN"]
[Date "2009.09.12"]
[Round "8"]
[White "Sulskis,S"]
[Black "Shoker,S"]
[Result "1-0"]
[WhiteElo "2568"]
[BlackElo "2488"]

1.e4 g6 2.d4 Bg7 3.Nc3 d6 4.Bc4 Nf6 5.Qe2 Nc6 6.e5 Nxd4 7.exf6 Nxe2 8.fxg7 Rg8
9.Ngxe2 c6 10.Bh6 Qa5 11.h4 b5 12.Bd3 b4 13.Ne4 Bf5 14.O-O Rc8 15.Rfe1 d5
16.Ng5 Bxd3 17.cxd3 f6 18.Nxh7 Kf7 19.Nf8 e5 20.d4 Re8 21.dxe5 Rxe5 22.Nd4 b3
23.Rxe5 fxe5 24.Nxc6 Qxa2 25.Nxe5+ Kf6 26.Ng4+ Kf7 27.Rc1  1-0

[Event "Quality Chess Int"]
[Site "Edinburgh SCO"]
[Date "2009.09.12"]
[Round "1"]
[White "Eggleston,D"]
[Black "McNab,C"]
[Result "0-1"]
[WhiteElo "2368"]
[BlackElo "2466"]

1.e4 g6 2.d4 d6 3.Nc3 Bg7 4.Be3 Nf6 5.Qd2 c6 6.f3 h5 7.Bd3 e5 8.Nge2 Nbd7
9.a4 Qe7 10.a5 O-O 11.O-O Re8 12.h3 exd4 13.Bxd4 Ne5 14.f4 Nxd3 15.cxd3 Bd7
16.Ng3 h4 17.Nge2 d5 18.e5 Nh5 19.Bf2 Bh6 20.d4 Ng7 21.Nd1 Nf5 22.Ne3 Nxe3
23.Qxe3 b6 24.Qd2 Bf5 25.Qe1 bxa5 26.Bxh4 Qb4 27.Qxb4 axb4 28.Ng3 Bc2 29.Bf6 a5
30.Rf2 b3 31.Ra4 Reb8 32.Be7 Rb5 33.Nf1 Bf8 34.Bxf8 Kxf8 35.Rd2 Rb4 36.Ra3 a4
37.Ne3 Be4 38.Nd1 c5 39.dxc5 d4 40.Nf2 Bc2 41.Ng4 Ke7 42.Nf6 Ke6 43.Kf2 Rc8
44.h4 Rxc5 45.h5 gxh5 46.Nxh5 Rc8 47.g4 Rbc4 48.Nf6 Rh8 49.Nh5 Ke7 50.Kg3 Be4
51.Nf6 Bc6 52.Ra1 Rc2 53.Rad1 a3 54.bxa3 Rh1 55.Rxh1 Rxd2 56.Rb1 Rg2+ 57.Kh4 b2
58.a4 d3 59.Kg5 d2 60.f5 Re2 61.e6 fxe6 62.fxe6 Kxe6 63.Nh5 Re1 64.Nf4+ Kd6
65.Rxb2 d1=Q 66.a5 Re5+ 67.Kf6 Qd4  0-1

[Event "TCh-SRB w"]
[Site "Pozarevac SRB"]
[Date "2009.09.14"]
[Round "1"]
[White "Zarkovic,M"]
[Black "Foisor,C"]
[Result "0-1"]
[WhiteElo "1832"]
[BlackElo "2424"]

1.e4 g6 2.d4 Bg7 3.Nc3 d6 4.Be3 a6 5.Nf3 Nd7 6.Bd3 e6 7.O-O Ne7 8.Qd2 h6
9.Rfe1 b6 10.Ne2 Bb7 11.c4 Nf6 12.Nc3 Ng4 13.h3 Nxe3 14.Qxe3 O-O 15.Rad1 Kh7
16.Bb1 Qd7 17.d5 Rae8 18.Qd2 e5 19.Qe2 Ng8 20.b4 Nf6 21.Bc2 Rd8 22.Ba4 Qe7
23.Qe3 Nh5 24.Ne2 Bc8 25.Nd2 Qf6 26.Rc1 Nf4 27.Nxf4 exf4 28.Qd3 Kg8 29.c5 dxc5
30.bxc5 b5 31.Bb3 g5 32.Bc2 Rfe8 33.Nf3 Qc3 34.Qxc3 Bxc3 35.Red1 Kg7 36.Nd4 Bxd4
37.Rxd4 f3 38.gxf3 Bxh3 39.Kh2 Bc8 40.Kg3 h5 41.Rcd1 h4+ 42.Kh2 Kf6 43.a4 Ke5
44.axb5 axb5 45.Rb4 Rg8 46.Rxb5 g4 47.fxg4 Rxg4 48.Rbb1 Rf4 49.Rd2 c6 50.Rbd1 Rf3
51.Re1 Rh3+ 52.Kg2 Rg8+ 53.Kf1  0-1

[Event "TCh-SRB w"]
[Site "Pozarevac SRB"]
[Date "2009.09.15"]
[Round "2"]
[White "Mladenovic,J"]
[Black "Milivojevic,Mili"]
[Result "1-0"]
[WhiteElo "2150"]
[BlackElo "1679"]

1.e4 d6 2.d4 g6 3.Nc3 Bg7 4.h3 c6 5.Nf3 Nf6 6.Bd3 O-O 7.O-O Qc7 8.Be3 Nbd7
9.Qd2 b5 10.a3 Bb7 11.Rfe1 e5 12.Rad1 a6 13.dxe5 dxe5 14.Bf1 c5 15.Qd6 Qxd6
16.Rxd6 c4 17.Red1 Nb8 18.Rd8 Nc6 19.Rxf8+ Rxf8 20.g4 h6 21.g5 hxg5 22.Bxg5 Re8
23.Rd6 Nh7 24.Bh4 Nd4 25.Ne1 g5 26.Bg3 Nf8 27.Nd5 Nfe6 28.c3 Nc6 29.Nc2 Bf8
30.Nf6+ Kh8 31.Nxe8 Bxd6 32.Nxd6 Ned8 33.Be2 f6 34.Bg4 Ne7 35.Nxb7 Nxb7 36.Nb4 Nc5
37.f3 a5 38.Nd5 Ng8 39.Bf2 Na4 40.Bb6 Nxb2 41.Bxa5 Kg7 42.Bd7 Nd3 43.Bxb5 Ne1
44.Kf2  1-0

[Event "TCh-SRB w"]
[Site "Pozarevac SRB"]
[Date "2009.09.17"]
[Round "4"]
[White "Mladenovic,J"]
[Black "Benderac,A"]
[Result "1/2-1/2"]
[WhiteElo "2150"]
[BlackElo "2298"]

1.e4 d6 2.d4 g6 3.Nc3 Bg7 4.Nf3 Nf6 5.h3 O-O 6.Be2 c6 7.a4 Nbd7 8.Be3 e5
9.dxe5 dxe5 10.Nd2 Qe7 11.Nc4 Rd8 12.Qd6 Qxd6 13.Nxd6 Nf8 14.Nxc8 Rdxc8 15.O-O Ne6
16.Rfd1 Nd4 17.Bxd4 exd4 18.Rxd4 Nd5 19.Nxd5 cxd5 20.Rxd5 Rxc2 21.Bd1 Rxb2
22.Rc1 Re8 23.Rc4 b6 24.Rd7 Bf8 25.Rc2 Rb1 26.Re2 h5 27.Kh2 a5 28.Rd5 Bg7
29.g3 h4 30.e5 hxg3+ 31.Kxg3 Rxe5 32.Rdxe5 Bxe5+ 33.Rxe5 Rxd1 34.Rb5 Rd3+
35.Kg2 Rd6 36.Kg3 f6 37.Rb3 g5 38.Kg4 Kf7 39.Kf3 Ke6 40.Ke3 Kd5 41.Kd3 Kc6+
42.Kc4 f5 43.Rb5 Rh6 44.Rxf5 Rh4+ 45.Kb3 Rxh3+ 46.Kb2 Rh4 47.Ka3 Rg4 48.Kb3 Rg1
49.Ka3 Rg4 50.Kb3 Rg1 51.Ka3 Kd6 52.Kb3 g4 53.Rg5 Ke7 54.Kc3 Kf6 55.Rb5 Rc1+
56.Kd4 Rc6 57.Kd5 Re6 58.Kd4 Kg6 59.Kd3 Rf6 60.Ke3 Kf7 61.Rb2 Ke7 62.Ke4 Kd7
63.Ke5 Rc6 64.Kd5 Kc7 65.Re2 Rc5+ 66.Kd4 Kd6 67.Re4 b5 68.axb5 Rxb5 69.Kc3 Rg5
70.Ra4 Ke6 71.Kd3 Rd5+ 72.Ke4 Rb5 73.Ke3 Kf5 74.Rf4+ Kg5 75.Ra4 Kh4 76.Ra3 Re5+
77.Kd2 Kg5 78.Ra4 Rf5 79.Ke2 Rb5 80.Ke3 Kh4 81.Ra3 Kh3 82.Ke2+ Kh2 83.Ra4 Rg5
84.Kf1 Kh3 85.Ra3+ Kh4 86.Ra4 Rb5 87.Ra3 Rf5 88.Ke2 Kg5 89.Ra4 Re5+ 90.Kd2 Rf5
91.Ke2 Kh4 92.Ra3 Rf3 93.Rxa5 Kh3 94.Ra4  1/2-1/2

[Event "TCh-FIN 2009-10"]
[Site "Finland FIN"]
[Date "2009.09.19"]
[Round "1"]
[White "Sipila,V"]
[Black "Byggmastar,L"]
[Result "1-0"]
[WhiteElo "2092"]
[BlackElo "2202"]

1.e4 d6 2.d4 g6 3.Nc3 Bg7 4.Be3 Nf6 5.Qd2 O-O 6.Bh6 a6 7.h4 e5 8.Nf3 exd4
9.Nxd4 Re8 10.Bxg7 Kxg7 11.h5 Nxe4 12.Nxe4 Rxe4+ 13.Be2 Qe7 14.O-O-O Nd7
15.hxg6 fxg6 16.Qh6+ Kh8 17.f3 Re3 18.Bd3 Nf8 19.Be4 Rxe4 20.fxe4 Bg4 21.Nf3 Kg8
22.Qe3 Re8 23.Qb3+ Ne6 24.Qxb7 Nc5 25.Qd5+ Be6 26.Qd4 Bxa2 27.Rh4 Rf8 28.Rdh1 Rf7
29.Qe3 h5 30.b3 Qf6 31.Qd4 Qe7 32.Kb2 a5 33.Kxa2 a4 34.b4 Ne6 35.Qc3 c5 36.b5 Nc7
37.Qc4 Kg7 38.b6 Ne6 39.b7  1-0

[Event "TCh-FIN 2009-10"]
[Site "Finland FIN"]
[Date "2009.09.20"]
[Round "2"]
[White "Paakkonen,T"]
[Black "Niemi,M"]
[Result "1-0"]
[WhiteElo "2289"]
[BlackElo "2238"]

1.e4 g6 2.d4 Bg7 3.Nc3 d6 4.Be3 a6 5.Qd2 b5 6.Bd3 Nd7 7.Nf3 Bb7 8.a3 c5 9.O-O cxd4
10.Nxd4 Ngf6 11.Bh6 O-O 12.Bxg7 Kxg7 13.Qg5 Nc5 14.Rae1 e5 15.Nf5+ Kh8 16.Ng3 Ne6
17.Qc1 Rc8 18.Nge2 Nc5 19.Qe3 Ng4 20.Qg3 f5 21.Nc1 Nf6 22.f3 Qb6 23.Kh1 fxe4
24.fxe4 Nfxe4 25.Nxe4 Nxe4 26.Bxe4 Bxe4 27.c3 Bd5 28.h3 Bc4 29.Rf3 Qb7 30.Ree3 Bd5
31.Rxf8+ Rxf8 32.Nd3 Rf1+ 33.Kh2 Qf7 34.Qh4 Kg7 35.a4 Rd1 36.axb5 axb5 37.Nb4 Bb7
38.Re2 h6 39.Rf2 Qd7 40.Qf6+ Kh7 41.Qf8  1-0

[Event "TCh-ROU w Superliga"]
[Site "Eforie Nord ROU"]
[Date "2009.09.21"]
[Round "3"]
[White "Craciun,P"]
[Black "Voiska,M"]
[Result "0-1"]
[WhiteElo "2154"]
[BlackElo "2335"]

1.e4 g6 2.d4 Bg7 3.Nc3 d6 4.f4 e6 5.Nf3 Ne7 6.Be3 a6 7.Qd2 Nd7 8.Bd3 f5 9.h3 Nf6
10.e5 Nfd5 11.Nxd5 Nxd5 12.c4 Nxe3 13.Qxe3 dxe5 14.dxe5 Bf8 15.O-O b6 16.Kh1 Bc5
17.Qe2 Bb7 18.Nd2 Qh4 19.Kh2 O-O-O 20.g3 Qh5 21.Nb3 Rxd3 22.Qxd3 Rd8 23.g4 fxg4
24.Qg3 gxh3 25.Nxc5 bxc5 26.Rf2 Bg2 27.Qa3 Qh4 28.Qg3 Qe7 29.b3 Rd4 30.Re1 Qd7
31.Rfe2 Qf7 32.Rf2 Qd7 33.Rd2 Qf7 34.Rf2 Qf5 35.Qg5 Qd3 36.Qg3 Qf5 37.Qh4 Rd3
38.Qg5 Qf7 39.Qf6 Qe8 40.Rb1 a5 41.a3 Be4 42.Rbb2 Rd1 43.Rbd2 Rh1+ 44.Kg3 Bf5
45.b4 Qc6 46.Rd5 axb4 47.axb4 Qa4 48.Qf8+ Kb7 49.Qxc5 exd5 50.cxd5 Rg1+ 51.Kh2 Rg2+
52.Rxg2 hxg2 53.Kxg2 Qc2+  0-1

[Event "TCh-SRB w"]
[Site "Pozarevac SRB"]
[Date "2009.09.21"]
[Round "8"]
[White "Rudolf,An"]
[Black "Stajic,S"]
[Result "1-0"]
[WhiteElo "2313"]
[BlackElo "2049"]

1.e4 g6 2.d4 Bg7 3.Nc3 d6 4.Nf3 Nf6 5.Be2 c6 6.a4 a5 7.O-O O-O 8.h3 b6 9.Bf4 Ba6
10.Re1 e6 11.Qd2 Bxe2 12.Rxe2 d5 13.Bg5 Qc8 14.e5 Nfd7 15.Nh2 Na6 16.Ng4 f5
17.exf6 Nxf6 18.Ne5 Nd7 19.Bf4 Nxe5 20.Bxe5 Bxe5 21.Rxe5 Qd7 22.Rae1 Nc7
23.b3 Rf5 24.Nd1 Raf8 25.R5e2 Rf4 26.Nb2 Qg7 27.c3 R4f5 28.Nd3 Qd7 29.Ne5 Qd6
30.Ng4 Kh8 31.Re5 Rxe5 32.Rxe5 Qe7 33.Qe3 Qf7 34.Kf1 Qf4 35.Ke2 Qxe3+ 36.Rxe3 Kg7
37.Ne5 c5 38.dxc5 bxc5 39.Nd7 Rd8 40.Nxc5 Kf6 41.Nb7 Ra8 42.f4 Na6 43.Kd2 Ra7
44.Nxa5 Nc5 45.Nc6 Nxb3+ 46.Kc2 Rb7 47.Rxe6+ Kf5 48.Re5+ Kxf4 49.Rxd5 Na1+
50.Kd3 Rb2 51.a5 Nb3 52.a6  1-0

[Event "TCh-SRB w"]
[Site "Pozarevac SRB"]
[Date "2009.09.21"]
[Round "8"]
[White "Petrenko,S"]
[Black "Petrovic,Mari"]
[Result "1-0"]
[WhiteElo "2260"]
[BlackElo "2180"]

1.e4 g6 2.d4 Bg7 3.Nc3 d6 4.Nf3 a6 5.a4 Nc6 6.h3 e5 7.Bg5 f6 8.Be3 Bd7 9.Bc4 Nge7
10.dxe5 Nxe5 11.Nxe5 dxe5 12.Qe2 Qc8 13.Bc5 c6 14.a5 Qc7 15.Bb6 Qd6 16.Rd1 Qb8
17.Qd3 Qc8 18.Qd6 f5 19.O-O Rf8 20.Bc5 Qd8 21.Be6 Bxe6 22.Qxe6 Qc7 23.Bd6 Qd7
24.Bxe5  1-0

[Event "18th TCh-CRO"]
[Site "Sibenik CRO"]
[Date "2009.09.22"]
[Round "2"]
[White "Leventic,I"]
[Black "Muse,M"]
[Result "1-0"]
[WhiteElo "2495"]
[BlackElo "2448"]

1.e4 g6 2.d4 Bg7 3.Nc3 d6 4.f4 Nf6 5.Nf3 c5 6.dxc5 Qa5 7.Qd4 Nc6 8.Bb5 O-O
9.Qa4 Qxa4 10.Bxa4 dxc5 11.e5 Nd7 12.Be3 f6 13.Bb3+ Kh8 14.e6 Ndb8 15.Bxc5 Na6
16.Ba3 Nc7 17.Nd5 Nxe6 18.O-O-O Nxf4 19.Nxf4 Bh6 20.g3 Bg4 21.Rdf1 e5 22.Bxf8 Rxf8
23.Nd2 exf4 24.gxf4 Nd4 25.Bc4 Rc8 26.Rf2 Bf5 27.c3 b5 28.cxd4 bxc4 29.Nf1 Rd8
30.Ne3 Bd3 31.Nc2 g5 32.Kd2 gxf4 33.Kc3 f5 34.Rd1 Be4 35.Na3 f3 36.Nxc4 Bf4
37.Rdf1 Bc7 38.Rxf3 Bxf3 39.Rxf3 f4 40.Kd3 Kg7 41.Ke4 Kf6 42.Ne5  1-0

[Event "18th TCh-CRO b"]
[Site "Sibenik CRO"]
[Date "2009.09.22"]
[Round "2"]
[White "Miladinovic,I"]
[Black "Mrdja,M"]
[Result "1-0"]
[WhiteElo "2547"]
[BlackElo "2393"]

1.d4 d6 2.e4 g6 3.Nc3 Bg7 4.Be3 a6 5.a4 b6 6.h4 h5 7.Nh3 Nh6 8.f3 Nc6 9.Bc4 Bb7
10.Ng5 Qd7 11.Ne2 Nd8 12.c3 d5 13.exd5 Bxd5 14.Bxd5 Qxd5 15.Nf4 Qd7 16.Qb3 Nf5
17.Bf2 Bh6 18.O-O Bxg5 19.hxg5 Qd6 20.Nh3 Ne6 21.Qc4 c6 22.Rfe1 O-O 23.Re5 b5
24.Qe2 Nc7 25.Nf4 Rae8 26.axb5 axb5 27.Nxh5 Nd5 28.Ng3 Nxg3 29.Bxg3 Ra8 30.Re1 f6
31.gxf6 exf6 32.Rg5 Qd7 33.Rxg6+ Kf7 34.Rh6 Rh8 35.Rxh8 Rxh8 36.Qd3 Ne7 37.Qe4 Nf5
38.Qf4 Qd5 39.Qc7+ Kg6 40.Re4 Rh5 41.Qb8 Rg5 42.Bf4  1-0

[Event "Open"]
[Site "Baku AZE"]
[Date "2009.09.23"]
[Round "3"]
[White "Abdulov,Or"]
[Black "Gelashvili,T"]
[Result "0-1"]
[WhiteElo "2343"]
[BlackElo "2615"]

1.e4 d6 2.d4 g6 3.Nc3 Bg7 4.Be3 a6 5.a4 Nd7 6.Bc4 e6 7.Qd2 b6 8.Nge2 Bb7
9.f3 Ngf6 10.O-O-O b5 11.axb5 axb5 12.Bxb5 Ra1+ 13.Nb1 O-O 14.h4 c6 15.Bd3 c5
16.h5 Qb6 17.hxg6 fxg6 18.Bh6 Bxh6 19.Qxh6 cxd4 20.Bc4 d5 21.exd5 exd5 22.Rxd4 Re8
23.Rhd1 dxc4 24.Rxd7 Nxd7 25.Rxd7 Qe3+ 26.Qxe3 Rxe3 27.Kd2 Re6 28.Nbc3 Rb6
29.Rc7 Rxb2 30.Rxc4 Rb6 31.Rc7 Ra5 32.Ke3 Rf5 33.Nd4 Rf7 34.Rc5 Re7+ 35.Kf2 Rd6
36.Nb3 Rc6 37.Nd5 Rf7 38.Ne3 Rxc5 39.Nxc5 Rc7 40.Ne6 Re7 41.Nd4 Rd7 42.c3 Rc7
43.Nb5 Rc5 44.Nd6 Bc6 45.c4 Kf8 46.Ke2 Ke7 47.Nc8+ Ke6 48.Nb6 Ke5 49.Nc2 Kd6
50.Nb4 Ra5 51.Ke3 Kc5 52.Nxc6 Kxc6 53.Nd5 Kc5 54.Nf6 h5 55.Ke4 Kxc4 56.Nd7 Rg5
57.Ne5+ Kc5 58.g4 Rxe5+ 59.Kxe5 h4 60.Kf4 g5+ 61.Ke3 Kd5 62.f4 h3  0-1

[Event "18th TCh-CRO b"]
[Site "Sibenik CRO"]
[Date "2009.09.23"]
[Round "3"]
[White "Mrdja,M"]
[Black "Medak,B"]
[Result "1/2-1/2"]
[WhiteElo "2393"]
[BlackElo "2359"]

1.e4 d6 2.d4 g6 3.Nc3 Bg7 4.Be3 a6 5.Qd2 b5 6.a4 b4 7.Nd1 a5 8.c3 bxc3 9.bxc3 Nf6
10.f3 O-O 11.Bd3 Ba6 12.Ne2 c5  1/2-1/2